Catálogo
 En Linea

Un viaggio elettorale : (Registro nro. 19503)

Detalles MARC
000 -CABECERA
campo de control de longitud fija 00727cam a22001931a 4500
001 - NÚMERO DE CONTROL
campo de control 000019991
005 - FECHA Y HORA DE LA ÚLTIMA TRANSACCIÓN
campo de control 20200929170223.0
008 - DATOS DE LONGITUD FIJA--INFORMACIÓN GENERAL
campo de control de longitud fija 740307s1968 it 0 001 0dita
010 ## - NÚMERO DE CONTROL DE LA BIBLIOTECA DEL CONGRESO
Número de control de LC 72399484
040 ## - FUENTE DE LA CATALOGACIÓN
Centro catalogador/agencia de origen DO-SdBNP
Lengua de catalogación spa
Centro/agencia transcriptor BNPHU
100 1# - ENTRADA PRINCIPAL--NOMBRE DE PERSONA
Nombre de persona De Sanctis, Francesco,
Fechas asociadas al nombre 1817-1883.
9 (RLIN) 42592
245 13 - MENCIÓN DE TÍTULO
Título Un viaggio elettorale :
Resto del título seguito da discorsi biografici, dal taccuino parlamentare e da scritti politici vari /
Mención de responsabilidad, etc. Francesco De Sanctis ; a cura di Nino Cortese.
260 ## - PUBLICACIÓN, DISTRIBUCIÓN, ETC.
Lugar de publicación, distribución, etc. Torino :
Nombre del editor, distribuidor, etc. G. Einaudi,
Fecha de publicación, distribución, etc. 1968.
300 ## - DESCRIPCIÓN FÍSICA
Extensión xviii, 611 p. ;
Dimensiones 21 cm.
490 1# - MENCIÓN DE SERIE
Mención de serie Opere di Francesco De Sanctis ;
Designación de volumen o secuencia 17
500 ## - NOTA GENERAL
Nota general Incluye índice
700 1# - PUNTO DE ACCESO ADICIONAL--NOMBRE DE PERSONA
Nombre de persona Cortese, Nino,
Fechas asociadas al nombre 1896-
9 (RLIN) 42593
800 1# - PUNTO DE ACCESO ADICIONAL DE SERIE--NOMBRE DE PERSONA
Nombre de persona De Sanctis, Francesco,
Fechas asociadas al nombre 1817-1883.
9 (RLIN) 42592
Existencias
Estado de retiro Estado de pérdida Restricciones de uso No para préstamo Código de colección Localización permanente Ubicación/localización actual Ubicación en estantería Fecha de adquisición Número de inventario Total de préstamos Signatura topográfica completa Código de barras Fecha visto por última vez Precio válido a partir de Tipo de ítem Koha
      Excluido de préstamo Monografías: Libros y Folletos General General En catalogación 09.07.2010 LF1   19991-10 25.06.2020 25.06.2020 No se presta

Con tecnología Koha